000 00530nac a22001691u 4500
008 100906s2002 ii |||||r|||| 001 0 eng d
020 _a0074635425
082 _a005.133
_bBAL
_222
100 _aBalagurusamy, E.
_918122
245 _aProgramming With JAVA :
_bA Primer.
_cE. Balagurusamy.
250 _a2nd ed.
260 _aNew Delhi :
_bTata McGraw-Hill,
_c2002.
300 _a453 p. :
_bill. ;
_c24 cm.
500 _aIncludes index.
650 _aJava (Computer program language)
_918123
942 _cBB
_k005.133 BAL
_2ddc
999 _c766
_d766